书目信息 |
| 题名: |
古代公文文体流变
|
|
| 作者: | 胡元德 著 | |
| 分册: | ||
| 出版信息: | 扬州 广陵书社 2012.03 |
|
| 页数: | 371页 | |
| 开本: | 20cm | |
| 丛书名: | ||
| 单 册: | ||
| 中图分类: | K220 | |
| 科图分类: | ||
| 主题词: | 中国--古代史--奴隶社会 | |
| 电子资源: | ||
| ISBN: | 7-80694-814-7 | |
| 000 | 00549nam0 2200181 450 | |
| 001 | 2639588667 | |
| 005 | 20260413110259.28 | |
| 010 | @a7-80694-814-7@dCNY40.00 | |
| 100 | @a20260413d2012 km y0chiy0120 ea | |
| 101 | 0 | @achi |
| 200 | 1 | @a古代公文文体流变@AGu Dai Gong Wen Wen Ti Liu Bian@f胡元德著@FHu Yuan De Zhu |
| 210 | @a扬州@c广陵书社@d2012.03 | |
| 215 | @a371页@d20cm | |
| 606 | 0 | @a中国@x古代史@x奴隶社会 |
| 690 | @aK220@v4 | |
| 701 | 0 | @a胡元德@AHu Yuan De@4著 |
| 801 | 0 | @aCN@b大连网信软件有限公司图书馆·11@c20260413 |
| 905 | @aZUCC@dK220@eZW351 | |
| 古代公文文体流变/胡元德著.-扬州:广陵书社,2012.03 |
| 371页;20cm |
| ISBN 7-80694-814-7:CNY40.00 |
| ● |
| 相关链接 |
|
|
|
|
正题名:古代公文文体流变
索取号:K220/ZW351
 
预约/预借
| 序号 | 登录号 | 条形码 | 馆藏地/架位号 | 状态 | 备注 |
| 1 | 7617408 | 276174088 | 密集书库-文学院/ [索取号:K220/ZW351] | 在馆 |